| 000 | 04164ngm a2200865Ka 4500 | ||
|---|---|---|---|
| 001 | ocn259231584 | ||
| 003 | OCoLC | ||
| 005 | 20251105133743.0 | ||
| 007 | vd cvaizq | ||
| 008 | 080929s2008 cau153 vleng d | ||
| 020 | _a1419861190 | ||
| 020 | _a9781419861192 | ||
| 020 | _c14.99 | ||
| 024 | 1 | _a085391176428 | |
| 024 | 1 | _a085391176572 | |
| 024 | 1 | _a085391176534 | |
| 028 | 4 | 2 |
_a1000026372 _bWarner Home Video |
| 028 | 4 | 2 |
_a1000026383 _bWarner Home Video |
| 035 | _a(OCoLC)259231584 | ||
| 037 |
_bMidwest Tape _nhttp://www.midwesttapes.com |
||
| 040 |
_aTEFMT _cTEFMT _dTEF _dRCS _dBTCTA _dRCS _dZS3 _dGK8 _dUPZ _dEHH _dWACOL _erda |
||
| 049 | _aWACL | ||
| 050 | 1 | 4 |
_aPN1997.2 _b.D37 2008 |
| 082 | 0 | 4 |
_a791.43/72 _222 |
| 092 |
_aDVD _bDar |
||
| 130 | 0 |
_aDark knight (Motion picture) _95847499 |
|
| 245 | 1 | 4 |
_aThe dark knight _h[videorecording] / _cdirected by Christopher Nolan. |
| 250 | _a[Widescreen ed.] | ||
| 260 |
_aBurbank, CA : _bWarner Home Video, _cc2008. |
||
| 264 |
_aBurbank, CA : _bWarner Home Video, _cc2008. |
||
| 300 |
_a1 videodisc (153 min.) : _bsd., col. ; _c4 3/4 in. |
||
| 500 | _aBased on the characters created by Bob Kane. | ||
| 508 | _aDirector of photography, Wally Pfister ; editor, Lee Smith ; original music, James Newton Howard, Hans Zimmer. | ||
| 511 | 1 | _aChristian Bale, Heath Ledger, Aaron Eckhart, Michael Caine, Maggie Gyllenhaal, Gary Oldman, Morgan Freeman, Monique Gabriela Curnen, Ron Dean, Cillian Murphy. | |
| 520 | _aWith the help of Lieutenant Jim Gordon and District Attorney Harvey Dent, Batman raises the stakes on his war on crime and sets out to dismantle the remaining criminal organizations that plague the city streets. The partnership proves to be effective, but they soon find themselves prey to a reign of chaos unleashed by a rising criminal mastermind known to the terrified citizens of Gotham as The Joker. The Joker, whose eerie grin, laughter, and inhuman morality makes him dangerous. Batman seeks to stop the mysterious Joker at all costs. He has no method at all and seeks to see the world plunge into the fire he has yet to light. But, Batman has come to represents the symbol of hope. | ||
| 521 | 8 | _aMPAA rating: PG-13; for intense sequences of violence and some menace. | |
| 538 | _aDVD, widescreen; Dolby Digital 5.1 surround. | ||
| 546 | _aEnglish, French, or Spanish audio; English, French, or Spanish subtitles; English subtitles for the deaf and hard of hearing. | ||
| 650 | 0 |
_aBatman (Fictitious character) _vDrama. _95676894 |
|
| 650 | 0 |
_aJoker (Fictitious character) _vDrama. _95747964 |
|
| 650 | 0 |
_aCriminal behavior _vDrama. _95678593 |
|
| 650 | 0 |
_aCriminal investigation _vDrama. _95678591 |
|
| 650 | 8 |
_aBatman (Fictitious character) _vDrama. _95676894 |
|
| 650 | 8 |
_aJoker (Fictitious character) _vDrama. _95747964 |
|
| 650 | 8 |
_aCriminal behavior _vDrama. _95678593 |
|
| 650 | 7 |
_aBatman (Personaje literario) _vTeatro. _2bidex _96511756 |
|
| 655 | 0 |
_aBatman films. _95847501 |
|
| 655 | 0 |
_aThrillers (Motion pictures) _95692606 |
|
| 655 | 0 |
_aAction and adventure films. _95674017 |
|
| 655 | 0 |
_aFantasy films. _9102694 |
|
| 655 | 0 |
_aVideo recordings for the hearing impaired. _95847502 |
|
| 655 | 0 |
_aFeature films. _95847503 |
|
| 700 | 1 |
_aNolan, Christopher, _d1970- _967566 |
|
| 700 | 1 |
_aRoven, Charles. _977282 |
|
| 700 | 1 |
_aThomas, Emma. _952019 |
|
| 700 | 1 |
_aGoyer, David S. _956959 |
|
| 700 | 1 |
_aNolan, Jonathan. _967598 |
|
| 700 | 1 |
_aBale, Christian, _d1974- _966309 |
|
| 700 | 1 |
_aLedger, Heath, _d1979-2008. _958567 |
|
| 700 | 1 |
_aEckhart, Aaron. _966169 |
|
| 700 | 1 |
_aCaine, Michael. _915693 |
|
| 700 | 1 |
_aGyllenhaal, Maggie, _d1977- _968959 |
|
| 700 | 1 |
_aOldman, Gary. _939413 |
|
| 700 | 1 |
_aFreeman, Morgan. _959622 |
|
| 700 | 1 |
_aCurnen, Monique Gabriela. _95847504 |
|
| 700 | 1 |
_aDean, Ron. _95847505 |
|
| 700 | 1 |
_aMurphy, Cillian, _d1974- _970110 |
|
| 710 | 2 |
_aWarner Bros. Pictures (1969- ) _968691 |
|
| 710 | 2 |
_aLegendary Pictures. _974356 |
|
| 710 | 2 |
_aDC Comics, Inc. _94794 |
|
| 710 | 2 |
_aSyncopy (Firm) _95847506 |
|
| 710 | 2 |
_aWarner Home Video (Firm) _961103 |
|
| 942 |
_cDVD _2ddc |
||
| 948 |
_a12/10/2008 _b02/04/2017 _zSirsi |
||
| 999 |
_c268902 _d268902 |
||